|
|
|
|
| LEADER |
01532nam a2200289 a 4500 |
| 001 |
0020138 |
| 003 |
BD-DhAAL |
| 008 |
10042s2007 ii d 000 0 eng d |
| 010 |
|
|
|a 2008307515
|
| 020 |
|
|
|a 9788180381553
|
| 040 |
|
|
|a DLC
|c DLC
|d DLC
|d BD-DhAAL
|
| 082 |
0 |
0 |
|a 349.5403
|2 22
|
| 100 |
1 |
|
|a Aiyar, Krishna Jagadisa,
|d 1885-
|9 59025
|
| 245 |
1 |
0 |
|a K.J. Aiyer's judicial dictionary :
|b a complete law lexicon.
|
| 246 |
3 |
0 |
|a Judicial dictionary
|
| 250 |
|
|
|a Fourteenth edition.
|
| 260 |
|
|
|a New Delhi :
|b LexisNexis Butterworths,
|c 2007.
|
| 300 |
|
|
|a xxii, 1183 p. ;
|c 26 cm
|
| 520 |
|
|
|a Dictionary of terminology mostly used in Indian courtrooms.
|
| 526 |
|
|
|a SOL
|x K. Shamsuddin Mahmood
Professor and Dean
School of Law
BRAC University
|
| 541 |
1 |
|
|e 0020138, 0020139
|a Anupam Gyan Bhandar
|
| 650 |
|
0 |
|a Law
|z India
|v Dictionaries.
|9 59026
|
| 852 |
4 |
|
|a Ayesha Abed Library
|c General Stacks
|
| 942 |
|
|
|2 ddc
|c BK
|
| 999 |
|
|
|c 8201
|d 8201
|
| 952 |
|
|
|0 0
|1 4
|2 ddc
|4 0
|6 349_540300000000000_AIY
|7 0
|9 9374
|a BRACUL
|b BRACUL
|d 2010-04-21
|e Anupam Gyan Bhandar
|g 2190.00
|l 0
|o 349.5403 AIY
|p 3010020139
|r 2010-04-21
|t 2
|v 4380.00
|w 2010-04-21
|y BK
|x Koha Inventory 2020 ; Requisitioned by K. Shamsuddin Mahmood, Professor and Dean, School of Law, BRAC University
|
| 952 |
|
|
|0 0
|1 0
|2 ddc
|4 0
|6 349_540300000000000_AIY_2007
|7 0
|9 9377
|a BRACUL
|b BRACUL
|c GEN
|d 2010-04-22
|e Anupam Gyan Bhandar
|g 2190.00
|l 2
|o 349.5403 AIY
|p 3010020138
|r 2019-10-27
|s 2019-10-24
|t 1
|v 4380.00
|w 2010-04-22
|y BK
|x Requisitioned by K. Shamsuddin Mahmood, Professor and Dean, School of Law, BRAC University
|